[Event "German Bundesliga 2021-22"]
[Site "Germany"]
[Date "2022.04.10"]
[Round "4.9"]
[White "Haria, Ravi"]
[Black "Vachier-Lagrave, Maxime"]
[Result "1/2-1/2"]
[WhiteElo "2490"]
[BlackElo "2761"]
[Annotator "TA"]
[PlyCount "44"]
[EventDate "2022.03.05"]
[EventType "team-tourn"]
[EventCountry "GER"]
[SourceTitle "playchess.com"]
[Source "ChessBase"]
[SourceQuality "1"]
[TimeControl "40/5400+30:1800+30"]

{[%evp 16,44,9,10,33,43,35,46,40,42,47,58,43,44,87,0,0,0,9,16,15,22,18,2,10,14,30,30,41,23,49]} 1. e4 {[%emt 0:00:00]} c5 {[%emt 0:00:00]} 2. Nf3 {[%emt 0:00:00]} d6 {[%emt 0:00:00]} 3. Bb5+ {[%emt 0:00:00]} Bd7 {[%emt 0:00:00]} 4. Bxd7+ {[%emt 0:00:00]} Qxd7 {[%emt 0:00:00]} 5. O-O {[%emt 0:00:00]} Nc6 {[%emt 0:00:00]} 6. c3 {[%emt 0:00:00]} d5 {[%emt 0:00:00]} 7. exd5 {[%emt 0:00:00]} Qxd5 {[%emt 0:00:00]} 8. d4 {[%emt 0:00:00]} e6 {[%emt 0:00:00]} 9. Be3 {[%emt 0:17:05]} Nf6 {[%emt 0:03:13] B52: Sicilian: Moscow Variation with 3...Bd7.} 10. dxc5 {[%emt 0:14:44]} O-O-O {[%emt 0:00:10]} 11. Qxd5 {[%emt 0:11:30]} Nxd5 {[%emt 0:00:13] White is slightly better.} 12. b4 {[%emt 0:02:21]} Be7 {[%emt 0:01:42] [#]} 13. a3 $146 {[%emt 0:02:09]} ({Predecessor:} 13. a4 Rhe8 14. a5 Bf6 15. Ra3 Nc7 16. g4 h6 17. Rc1 Nb5 18. Rb3 e5 19. Nfd2 {½-½ (46) Schatz,D (1927)-Jarecki,M (1840) GER email 2011}) 13... Bf6 {[%emt 0:04:39]} 14. Ra2 {[%emt 0:03:12]} Rd7 {[%emt 0:05:05]} ({Don't play} 14... Nxc3 15. Nxc3 Bxc3 16. Ng5 $16) 15. Nd4 {[%emt 0:08:34]} ({White should play} 15. Rc2 $16) 15... Nxc3 $11 {[%emt 0:07:53]} 16. Nxc3 {[%emt 0:01:09][%cal Bb1c3,Bc3e4,Be4d6][%mdl 32]} Bxd4 {[%emt 0:00:34]} 17. Ne4 {[%emt 0:03:46] [#] Black must now prevent b5.} Bxe3 {[%emt 0:00:18]} 18. fxe3 {[%emt 0:00:15]} Ne5 {[%emt 0:00:11]} 19. Kf2 {[%emt 0:02:36]} f6 {[%emt 0:17:37]} 20. Ke2 {[%emt 0:03:23]} Rhd8 {[%emt 0:00:07]} 21. Nd6+ {[%emt 0:03:46]} Kb8 {[%emt 0:00:14]} 22. Rc2 {[%emt 0:02:12]} b6 {[%emt 0:09:22] Weighted Error Value: White=0.10 (very precise) /Black=0.08 (flawless)} 1/2-1/2

[Event "German Bundesliga 2021-22"]
[Site "Germany"]
[Date "2022.04.10"]
[Round "4.10"]
[White "Van Foreest, Jorden"]
[Black "Santos Ruiz, Miguel"]
[Result "1/2-1/2"]
[WhiteElo "2702"]
[BlackElo "2596"]
[Annotator "TA"]
[PlyCount "68"]
[EventDate "2022.03.05"]
[EventType "team-tourn"]
[EventCountry "GER"]
[SourceTitle "playchess.com"]
[Source "ChessBase"]
[SourceQuality "1"]
[TimeControl "40/5400+30:1800+30"]

{[%evp 11,68,11,15,6,9,0,0,0,6,9,10,9,11,0,14,0,40,0,0,0,0,0,0,0,0,-12,-12,-16,-11,-13,-5,-8,-6,-10,-18,-21,0,0,0,0,0,0,0,0,0,0,0,0,0,0,0,0,0,-17,-17,-17,-19,-23,-25]} 1. e4 {[%emt 0:00:00]} e5 {[%emt 0:00:00]} 2. Nf3 {[%emt 0:00:00]} Nc6 {[%emt 0:00:00]} 3. Bc4 {[%emt 0:00:00]} Nf6 {[%emt 0:00:00]} 4. d3 {[%emt 0:00:00]} Bc5 {[%emt 0:00:00]} 5. Nc3 {[%emt 0:00:00]} h6 {[%emt 0:00:00]} 6. a3 {[%emt 0:00:00]} a6 {[%emt 0:00:00]} 7. Be3 {[%emt 0:00:00] C50: Hungarian Defence and Giuoco Pianissimo.} d6 {[%emt 0:00:00]} 8. Nd5 {[%emt 0:00:00] 8.Nd5 is the recent fashion.} Nxd5 {[%emt 0:06:41] [#]} 9. Bxd5 $146 {[%emt 0:00:00] next Bxc5 is good for White. The position is equal.} ({Predecessor:} 9. exd5 Nd4 10. Bxd4 Bxd4 11. c3 Bb6 12. Qe2 O-O 13. O-O-O Bg4 14. h3 Bxf3 15. Qxf3 {0-1 (47) Garcia Andres,D (2046)-Solano Lasierra,J (2103) Spain 2004}) 9... Bxe3 {[%emt 0:00:39]} 10. fxe3 {[%emt 0:00:00]} Be6 {[%emt 0:08:32]} 11. Bxe6 {[%emt 0:00:00]} fxe6 {[%emt 0:00:42]} 12. Qe2 {[%emt 0:00:00]} Qe7 {[%emt 0:05:02]} 13. O-O-O {[%emt 0:02:54]} d5 {[%emt 0:03:51]} 14. d4 {[%emt 0:12:43]} O-O-O {[%emt 0:08:12]} 15. Qd3 {[%emt 0:04:38]} Qf6 {[%emt 0:00:26]} 16. Rhf1 {[%emt 0:09:08]} exd4 {[%emt 0:19:30]} 17. Nxd4 {[%emt 0:01:53]} Ne5 {[%emt 0:00:08]} 18. Qb3 {[%emt 0:12:08]} Qg6 {[%emt 0:01:24]} 19. exd5 {[%emt 0:00:07]} exd5 {[%emt 0:04:13]} 20. Nf5 {[%emt 0:03:02] [#] And now Ne7+ would win.} Rhe8 {[%emt 0:04:41] Against Ne7+} ({Don't take} 20... Qxg2 21. Ne7+ Kb8 22. Rf5 $16) 21. g3 $1 {[%emt 0:07:39]} Nc4 {[%emt 0:05:00]} 22. Qc3 {[%emt 0:02:14]} Rd7 {[%emt 0:00:59][%cal Bd8d7,Bd7g7,Bg7g4,Bg4g6,Bg6f6][%mdl 32]} 23. Rf4 {[%emt 0:05:38]} Re5 {[%emt 0:07:57]} 24. g4 {[%emt 0:06:32] [#] Strongly threatening Rxc4.} Qe6 {[%emt 0:03:42]} 25. Nxg7 {[%emt 0:12:08]} Rxg7 {[%emt 0:00:04]} 26. Rf8+ {[%emt 0:00:04]} Kd7 {[%emt 0:00:03]} 27. Qxc4 {[%emt 0:00:03] Rh8 is the strong threat.} Rxg4 {[%emt 0:00:20]} 28. Qf1 {[%emt 0:04:56]} Rg6 {[%emt 0:07:48] Prevents Rf6.} 29. Qf4 {[%emt 0:01:44]} Re4 {[%emt 0:01:20]} 30. Qf2 {[%emt 0:07:57]} Kc6 {[%emt 0:02:23]} 31. h4 {[%emt 0:01:57] aiming for h5.} h5 {[%emt 0:01:09]} 32. Rd8 {[%emt 0:01:33]} Qf6 {[%emt 0:01:37]} 33. Qxf6+ {[%emt 0:00:05]} Rxf6 {[%emt 0:00:03]} 34. R8xd5 {[%emt 0:00:19]} Rxh4 {[%emt 0:00:09] An even fight not without its subleties.  Weighted Error Value: White=0.05 (flawless) /Black=0.02 (flawless)} 1/2-1/2

[Event "German Bundesliga 2021-22"]
[Site "Germany"]
[Date "2022.04.10"]
[Round "4.10"]
[White "Adams, Michael"]
[Black "Levin, Felix"]
[Result "1/2-1/2"]
[WhiteElo "2698"]
[BlackElo "2456"]
[Annotator "TA"]
[PlyCount "84"]
[EventDate "2022.03.05"]
[EventType "team-tourn"]
[EventCountry "GER"]
[SourceTitle "playchess.com"]
[Source "ChessBase"]
[SourceQuality "1"]
[TimeControl "40/5400+30:1800+30"]

{[%evp 9,84,13,12,4,8,9,7,11,11,0,21,0,2,0,12,8,8,16,17,43,22,8,10,23,41,33,37,28,64,10,18,0,0,0,16,15,23,26,19,15,27,22,21,17,17,-62,-51,-65,-42,-65,-71,-65,-65,-68,-61,-69,-69,-62,-69,-65,-67,-152,-168,-178,-155,-214,-230,-204,-147,-156,-29,-31,-5,-16,-14,-14,-17]} 1. e4 {[%emt 0:00:00]} e5 {[%emt 0:00:00]} 2. Nf3 {[%emt 0:00:00]} Nc6 {[%emt 0:00:00]} 3. Bc4 {[%emt 0:00:00]} Bc5 {[%emt 0:00:00]} 4. c3 {[%emt 0:00:00]} Nf6 {[%emt 0:00:00]} 5. d3 {[%emt 0:00:00]} d6 {[%emt 0:00:00]} 6. a4 {[%emt 0:00:00] Threatens to win with b4. C54: Giuoco Piano: 4 c3 Nf6, main lines with 5 d4 and 5 d3.} a5 {[%emt 0:00:00] Prevents b4.} 7. O-O {[%emt 0:00:00] 7.Bg5 gains popularity.} h6 {[%emt 0:00:00]} 8. Re1 {[%emt 0:00:00]} O-O {[%emt 0:00:00]} 9. Nbd2 {[%emt 0:00:00]} Bb6 {[%emt 0:00:00]} 10. Nf1 {[%emt 0:03:09]} Ne7 {[%emt 0:00:04]} 11. Ng3 {[%emt 0:04:37]} Ng6 {[%emt 0:01:36]} 12. Bb3 {[%emt 0:00:06]} c6 {[%emt 0:06:00]} 13. h3 {[%emt 0:04:34]} d5 {[%emt 0:29:18]} 14. exd5 {[%emt 0:00:54]} Nxd5 {[%emt 0:00:06]} 15. d4 {[%emt 0:00:24]} exd4 {[%emt 0:01:19]} 16. Nxd4 {[%emt 0:00:05] [#]} Bd7 $146 {[%emt 0:14:43]} (16... Qd6 {seems wilder.} 17. Bd2 Ndf4 18. Be3 Bxd4 19. Ne4 Qd8) ({Predecessor:} 16... Re8 17. Rxe8+ Qxe8 18. Bxd5 cxd5 19. Be3 Bc7 20. Qd2 Bd7 21. b3 Bxg3 22. fxg3 Qe5 {½-½ (32) Vidit,S (2727)-Esipenko,A (2714) Wijk aan Zee 2022}) 17. Bxd5 {[%emt 0:06:28]} cxd5 {[%emt 0:00:07]} 18. Be3 {[%emt 0:00:27]} Bc7 {[%emt 0:07:20]} 19. Ndf5 {[%emt 0:09:15] &Bianco is more active. Pair of Knights!} (19. Qf3 $14) 19... Re8 $11 {[%emt 0:17:45]} 20. Bd4 {[%emt 0:12:04] [#] And now Rxe8+ would win.} Rxe1+ {[%emt 0:02:01]} 21. Qxe1 {[%emt 0:00:02]} Bxg3 {[%emt 0:00:24]} 22. Nxg3 {[%emt 0:00:05]} Qg5 {[%emt 0:00:23]} 23. Be3 {[%emt 0:05:23]} Qe5 {[%emt 0:04:06]} 24. Qd2 {[%emt 0:14:29]} Bc6 {[%emt 0:02:14]} 25. b3 {[%emt 0:03:58]} Nh4 {[%emt 0:05:54][%cal Oh4g2]} 26. Bd4 {[%emt 0:05:19]} Qg5 {[%emt 0:00:16]} 27. Qd3 {[%emt 0:01:20]} (27. Ra2 $11) 27... f5 $1 $15 {[%emt 0:04:03] Strongly threatening ...f4.} 28. f4 $1 {[%emt 0:11:33]} Qxf4 {[%emt 0:01:38]} 29. Nh5 {[%emt 0:07:15][%csl LRf4,LRg7]} Qg5 $40 {[%emt 0:00:31][%csl Gh4,LRg2,LRh5][%cal Rg5g2][%mdl 128] [#] White is in trouble.} 30. Qg3 {[%emt 0:00:02]} Qxg3 {[%emt 0:01:05]} 31. Nxg3 {[%emt 0:00:01]} g5 {[%emt 0:02:09]} 32. Ne2 {[%emt 0:08:24]} f4 {[%emt 0:00:15]} 33. Bf2 {[%emt 0:01:26]} Nf5 {[%emt 0:00:39]} 34. Nd4 {[%emt 0:00:03]} Nd6 {[%emt 0:00:30]} 35. Nxc6 {[%emt 0:02:16]} (35. Re1 $15) 35... bxc6 {[%emt 0:00:06][%mdl 4096] Endgame KRB-KRN} 36. b4 {[%emt 0:00:20]} Kf7 {[%emt 0:01:41]} 37. Bd4 {[%emt 0:02:06]} (37. Bb6 $17 {keeps fighting.}) 37... Ke6 $19 {[%emt 0:01:43]} 38. Bb6 {[%emt 0:01:29]} axb4 {[%emt 0:00:24]} 39. cxb4 {[%emt 0:00:04]} Ne4 {[%emt 0:00:42]} (39... Nc4 $17 40. Bd4 Kf5) 40. a5 $11 {[%emt 0:00:28]} Ra6 {[%emt 0:00:21]} 41. Rc1 {[%emt 0:31:52]} Kd7 {[%emt 0:30:22]} 42. Kf1 {[%emt 0:00:36]} Ra8 {Weighted Error Value: White=0.15 (very precise) /Black=0.12 (very precise)} 1/2-1/2

[Event "German Bundesliga 2021-22"]
[Site "Germany"]
[Date "2022.04.10"]
[Round "4.10"]
[White "Areshchenko, Alexander"]
[Black "Bartel, Mateusz"]
[Result "1-0"]
[WhiteElo "2670"]
[BlackElo "2616"]
[Annotator "TA"]
[PlyCount "65"]
[EventDate "2022.03.05"]
[EventType "team-tourn"]
[EventCountry "GER"]
[SourceTitle "playchess.com"]
[Source "ChessBase"]
[SourceQuality "1"]
[TimeControl "40/5400+30:1800+30"]

{[%evp 9,65,18,10,19,0,8,26,22,33,8,13,0,0,10,0,0,0,3,14,0,24,22,38,16,62,66,116,108,160,167,150,78,131,124,102,102,364,360,414,412,391,313,397,396,377,357,357,366,360,357,419,423,480,486,998,974,6606,2136]} 1. e4 {[%emt 0:00:00]} c6 {[%emt 0:00:00]} 2. d4 {[%emt 0:00:00]} d5 {[%emt 0:00:00]} 3. e5 {[%emt 0:00:00]} c5 {[%emt 0:00:00]} 4. Nf3 {[%emt 0:00:00]} cxd4 {[%emt 0:00:00]} 5. Nxd4 {[%emt 0:00:00]} Nc6 {[%emt 0:00:00]} 6. Nxc6 {[%emt 0:00:00] B12: Caro-Kann: Advance Variation.} bxc6 {[%emt 0:00:00]} 7. Bd3 {[%emt 0:00:00]} Qc7 {[%emt 0:00:00]} 8. Qe2 {[%emt 0:03:07] White has an edge.} e6 {[%emt 0:00:00]} 9. Nd2 {[%emt 0:00:42]} Ne7 {[%emt 0:17:37]} 10. Nf3 {[%emt 0:02:40] [#]} c5 $146 {[%emt 0:00:19] Strongly threatening ...c4.} ({Predecessor:} 10... Ng6 11. h4 f6 12. exf6 gxf6 13. Nd4 Kf7 14. O-O c5 15. Qh5 Kg8 16. Nb5 Qf7 {1-0 (34) Raja,H (2472)-Ravi,T (2470) Ahmedabad 2020}) 11. c3 {[%emt 0:10:29]} Nc6 {[%emt 0:00:56]} 12. O-O {[%emt 0:00:51]} Be7 {[%emt 0:00:50]} 13. Re1 {[%emt 0:10:52]} h6 {[%emt 0:05:16]} 14. h4 {[%emt 0:07:17][%cal Bh2h4,Bh4h5][%mdl 32]} Rb8 {[%emt 0:02:32]} 15. h5 {[%emt 0:01:11]} Qa5 {[%emt 0:06:11]} 16. Nh2 {[%emt 0:10:32]} Kd7 {[%emt 0:09:53]} (16... Kf8 $11 {is superior.}) 17. Qg4 $14 {[%emt 0:03:55]} Bb7 {[%emt 0:01:27]} (17... Ba6 $14 18. Bxa6 Qxa6) 18. Nf3 $16 {[%emt 0:05:09]} g5 {[%emt 0:07:18]} (18... c4 19. Bc2 $14) (18... Ba6 $142 19. Rd1 (19. Bxa6 Qxa6 20. Rd1 Kc7 $11) 19... Bxd3 20. Rxd3 Kc7) 19. hxg6 {[%emt 0:01:48]} fxg6 {[%emt 0:00:07]} 20. Bxg6 {[%emt 0:02:22]} (20. b4 $142 Qa4 21. Be3 (21. Bxg6 Rbg8 $11)) 20... h5 {[%emt 0:06:18]} ({Black should play} 20... Rbg8) 21. Qh3 {[%emt 0:01:15] &Bianco is more active.} Qa4 {[%emt 0:00:28]} 22. b4 {[%emt 0:05:17][%cal Bb2b4,Bb4c5][%mdl 32] Threatens to win with Bg5.} Rbg8 $2 {[%emt 0:06:21][%mdl 8192] This costs Black the game.} (22... Rbf8 $16 {was necessary.}) 23. Bf7 $18 {[%emt 0:01:43]} (23. Bxh5 $2 Qc2 24. Be3 Qh7 25. Bxc5 (25. b5 $2 Na5 $19) 25... Bxc5 26. bxc5 Qxh5 27. Qxh5 Rxh5 $19) 23... Nd8 {[%emt 0:00:09]} 24. Bxg8 {[%emt 0:00:52] The board is on fire.} Rxg8 {[%emt 0:00:03]} 25. bxc5 {[%emt 0:06:11]} d4 {[%emt 0:00:03]} 26. cxd4 {[%emt 0:02:54]} Rg4 {[%emt 0:00:02]} 27. Rb1 {[%emt 0:09:52][%cal Ob1b7,Ba1b1,Bb1b3,Bb3b8][%mdl 32] Hoping for Rxb7+!} Bd5 {[%emt 0:00:31] [#]} 28. Rb3 $1 {[%emt 0:01:17]} Nc6 {[%emt 0:02:10] [#]} 29. Be3 $1 {[%emt 0:10:23]} Kc7 {[%emt 0:10:55]} (29... Kc8 30. Rb2) 30. Reb1 {[%emt 0:00:45]} Na5 {[%emt 0:00:24] Against Rb7+. White is clearly winning.} 31. Rb8 {[%emt 0:02:05][%cal Oe3g5] aiming for Bg5!} Qc2 {[%emt 0:00:08] [#]} (31... Be4 $142 32. a3 (32. Qxh5 $2 Bxf3 33. Qh2 Rxg2+ 34. Qxg2 Bxg2 $19) 32... Bxb1 33. Rxb1 Qc6) 32. Qxh5 $1 {[%emt 0:01:20][%cal Oh5e8] Qe8! would kill now.} Qe4 {[%emt 0:01:49] [#]} (32... Nb3 33. R1xb3) 33. Qf7 $1 {[%emt 0:01:18] Weighted Error Value: White=0.10 (very precise) /Black=0.40} 1-0

[Event "German Bundesliga 2021-22"]
[Site "Germany"]
[Date "2022.04.10"]
[Round "4.10"]
[White "Lupulescu, Constantin"]
[Black "Piorun, Kacper"]
[Result "1/2-1/2"]
[WhiteElo "2620"]
[BlackElo "2641"]
[Annotator "TA"]
[PlyCount "40"]
[EventDate "2022.03.05"]
[EventType "team-tourn"]
[EventCountry "GER"]
[SourceTitle "playchess.com"]
[Source "ChessBase"]
[SourceQuality "1"]
[TimeControl "40/5400+30:1800+30"]

{[%evp 14,40,34,29,33,37,38,30,34,32,32,27,29,29,51,39,33,35,42,42,41,39,45,0,59,0,44,0,53]} 1. Nf3 {[%emt 0:00:00]} d5 {[%emt 0:00:00]} 2. e3 {[%emt 0:00:00]} Nf6 {[%emt 0:00:00]} 3. c4 {[%emt 0:00:00]} c6 {[%emt 0:00:00]} 4. d4 {[%emt 0:00:00]} g6 {[%emt 0:00:00]} 5. Be2 {[%emt 0:00:00][%cal Bf1e2,Be2f3,Bf3g2][%mdl 32]} Bg7 {[%emt 0:00:00]} 6. O-O {[%emt 0:00:00]} O-O {[%emt 0:00:00]} 7. Nc3 {[%emt 0:06:31]} a6 $1 {[%emt 0:00:15][%mdl 4] is currently scoring better than 7...Bg4.} 8. b3 {[%emt 0:02:51]} Bg4 {[%emt 0:09:59] D94: Grünfeld: 4 Nf3 Bg7 5 e3.} 9. h3 {[%emt 0:02:29]} Bxf3 {[%emt 0:00:13]} 10. Bxf3 {[%emt 0:00:03]} e6 {[%emt 0:05:58] White has an edge.} 11. Bb2 {[%emt 0:03:08]} Re8 {[%emt 0:02:31]} 12. Qe2 {[%emt 0:03:51]} Nbd7 {[%emt 0:00:12]} 13. Rfd1 {[%emt 0:02:00]} Qb6 {[%emt 0:02:40]} 14. g3 {[%emt 0:07:14] [#]} Rad8 $146 {[%emt 0:06:05]} ({Predecessor:} 14... a5 15. Bg2 Qa7 16. a4 Qb6 17. Qc2 Nb8 18. Ne2 Na6 19. Nf4 Nb4 20. Qe2 Nd7 {½-½ (68) Pashikian,A (2605)-Kamsky,G (2677) Moscow 2019}) 15. Bg2 {[%emt 0:01:54]} Qc7 {[%emt 0:05:49]} 16. Rac1 {[%emt 0:01:01]} Qb8 {[%emt 0:02:13]} 17. Qc2 {[%emt 0:17:04]} Rc8 {[%emt 0:09:24]} 18. Qe2 {[%emt 0:03:55]} Rcd8 {[%emt 0:00:39]} 19. Qc2 {[%emt 0:05:59]} Rc8 {[%emt 0:00:12]} 20. Qe2 {[%emt 0:05:02]} Rcd8 {[%emt 0:00:18] Weighted Error Value: White=0.13 (very precise) /Black=0.03 (flawless)} 1/2-1/2

[Event "German Bundesliga 2021-22"]
[Site "Germany"]
[Date "2022.04.10"]
[Round "4.11"]
[White "Gajewski, Grzegorz"]
[Black "Edouard, Romain"]
[Result "1/2-1/2"]
[WhiteElo "2589"]
[BlackElo "2591"]
[Annotator "TA"]
[PlyCount "98"]
[EventDate "2022.03.05"]
[EventType "team-tourn"]
[EventCountry "GER"]
[SourceTitle "playchess.com"]
[Source "ChessBase"]
[SourceQuality "1"]
[TimeControl "40/5400+30:1800+30"]

{[%evp 14,98,15,16,20,25,22,12,22,14,15,14,16,20,25,28,29,13,14,-9,0,-53,0,0,35,32,37,0,40,0,10,12,14,0,13,13,18,0,0,0,0,0,0,0,37,18,28,0,0,0,0,0,81,81,75,35,61,35,35,0,0,0,0,0,0,0,0,0,0,0,0,0,0,0,0,0,0,0,0,0,0,0,0,0,0,0,0]} 1. d4 {[%emt 0:00:00]} d5 {[%emt 0:00:00]} 2. c4 {[%emt 0:00:00]} dxc4 {[%emt 0:00:00]} 3. e4 {[%emt 0:00:00][%cal Be2e4,Be4e5][%mdl 32]} Nf6 {[%emt 0:00:00]} 4. e5 {[%emt 0:00:00]} Nd5 {[%emt 0:00:00]} 5. Bxc4 {[%emt 0:00:00]} Nb6 {[%emt 0:00:00]} 6. Bd3 {[%emt 0:00:00]} Nc6 {[%emt 0:00:00]} 7. Be3 {[%emt 0:00:00]} Nb4 {[%emt 0:00:00]} 8. Be4 {[%emt 0:00:00]} f5 {[%emt 0:00:00] [#] D20: Queen's Gambit Accepted: 3 e3 and 3 e4.} 9. a3 $1 {[%emt 0:00:00][%mdl 4] is more profitable than 9.exf6 at the moment.} N4d5 {[%emt 0:00:00]} 10. Bxd5 {[%emt 0:00:00]} Nxd5 {[%emt 0:00:00]} 11. Ne2 {[%emt 0:00:00]} c6 {[%emt 0:00:00] [#]} 12. Nbc3 $146 {[%emt 0:00:00]} ({Predecessor:} 12. h4 Be6 13. h5 Qd7 14. Qc2 O-O-O 15. Nbc3 Kb8 16. Rc1 Rc8 17. Nf4 Nxf4 18. Bxf4 Qxd4 {½-½ (32) Morozov,D (2481)-Volodarsky,Y (2376) ICCF email 2020}) 12... Nxe3 {[%emt 0:00:00]} 13. fxe3 {[%emt 0:00:00]} g6 {[%emt 0:00:00]} 14. Nf4 {[%emt 0:06:28]} Bh6 {[%emt 0:00:00]} 15. Qf3 {[%emt 0:00:05]} Qb6 {[%emt 0:00:00]} 16. Nce2 {[%emt 0:08:07]} Qb3 {[%emt 0:05:09]} 17. Qh3 {[%emt 0:07:39]} (17. O-O $11) 17... Bg7 {[%emt 0:03:40]} ({Black should try} 17... Bxf4 $15 18. exf4 (18. Nxf4 g5 $15) 18... Qxh3 19. gxh3 Kf7) 18. O-O $11 {[%emt 0:02:07]} Qf7 {[%emt 0:05:15]} 19. Qg3 {[%emt 0:04:28]} Bh6 {[%emt 0:02:07]} 20. Qh3 {[%emt 0:10:16]} Bg7 {[%emt 0:05:35]} 21. Nc3 {[%emt 0:04:36]} O-O {[%emt 0:03:13]} 22. Qg3 {[%emt 0:06:26]} Bh6 {[%emt 0:02:14]} 23. h4 {[%emt 0:01:45]} Be6 {[%emt 0:01:55]} 24. Nh3 {[%emt 0:06:14]} Qg7 {[%emt 0:02:00]} 25. Ng5 {[%emt 0:05:04]} Bxg5 {[%emt 0:00:33]} 26. hxg5 {[%emt 0:10:36]} Rad8 {[%emt 0:02:17]} 27. Rf4 {[%emt 0:04:43]} Rd7 {[%emt 0:02:13]} 28. b4 {[%emt 0:04:07]} Rfd8 {[%emt 0:03:20]} 29. Rc1 {[%emt 0:00:32]} b6 {[%emt 0:01:46]} 30. Ne2 {[%emt 0:02:50]} Bd5 {[%emt 0:00:23]} 31. Rf2 {[%emt 0:00:10][%cal Bf4f2,Bf2c2,Bc2c3][%mdl 32]} e6 {[%emt 0:00:34]} 32. Nf4 {[%emt 0:00:20]} Qe7 {[%emt 0:01:45]} (32... Rc7 $1 $11) 33. Rfc2 $16 {[%emt 0:00:22]} Qe8 {[%emt 0:01:45]} 34. Qf2 {[%emt 0:08:47] &Bianco is more active.} Rc7 {[%emt 0:08:01]} 35. Rc3 {[%emt 0:03:14]} Rdc8 {[%emt 0:00:29]} 36. a4 {[%emt 0:07:26][%cal Ob4b5]} Qe7 {[%emt 0:00:54][%csl LRb4,LRg5] The position is equal.} 37. b5 {[%emt 0:00:47]} c5 {[%emt 0:05:54]} 38. dxc5 {[%emt 0:00:56]} Rxc5 {[%emt 0:00:06]} 39. Qd2 {[%emt 0:00:48]} Kf7 {[%emt 0:05:58]} 40. Qd4 {[%emt 0:01:01]} Rxc3 {[%emt 0:01:33]} (40... Qxg5 $2 41. Nxd5 exd5 42. Rxc5 bxc5 43. Rxc5 (43. Qxd5+ Kg7 $11) 43... Rxc5 44. Qxc5 $18) 41. Rxc3 {[%emt 0:30:18]} Rxc3 {[%emt 0:30:03]} 42. Qxc3 {[%emt 0:00:07]} Qxg5 {[%emt 0:00:13]} 43. Qc8 {[%emt 0:00:00]} Qg3 {[%emt 0:00:00]} 44. Qc7+ {[%emt 0:00:00]} Kg8 {[%emt 0:00:00]} 45. Qb8+ {[%emt 0:00:00]} Kg7 {[%emt 0:00:00]} 46. Qxa7+ {[%emt 0:00:00]} Kh6 $1 {[%emt 0:00:00]} 47. Qxb6 {[%emt 0:00:00]} g5 {[%emt 0:00:00]} 48. Nxd5 {[%emt 0:00:00]} Qe1+ {[%emt 0:00:00]} 49. Kh2 {[%emt 0:00:00]} Qh4+ {[%emt 0:00:00] Weighted Error Value: White=0.09 (flawless) /Black=0.08 (flawless)} 1/2-1/2

[Event "German Bundesliga 2021-22"]
[Site "Germany"]
[Date "2022.04.10"]
[Round "4.11"]
[White "Tomczak, Jacek"]
[Black "Salgado Lopez, Ivan"]
[Result "1/2-1/2"]
[WhiteElo "2584"]
[BlackElo "2611"]
[Annotator "TA"]
[PlyCount "53"]
[EventDate "2022.03.05"]
[EventType "team-tourn"]
[EventCountry "GER"]
[SourceTitle "playchess.com"]
[Source "ChessBase"]
[SourceQuality "1"]
[TimeControl "40/5400+30:1800+30"]

{[%evp 9,53,34,28,-8,-7,-16,-14,-34,-34,-38,-32,-33,-30,-43,-37,-45,-54,-68,-49,-33,-25,-45,-45,-60,20,17,19,14,20,-35,60,76,67,73,64,75,58,58,54,57,61,45,102,43,34,-44]} 1. e4 {[%emt 0:00:00]} c5 {[%emt 0:00:00]} 2. Nf3 {[%emt 0:00:00]} d6 {[%emt 0:00:00]} 3. c3 {[%emt 0:00:00]} Nf6 {[%emt 0:00:00]} 4. Be2 {[%emt 0:00:00]} Bg4 {[%emt 0:00:00]} 5. O-O {[%emt 0:00:00]} e6 {[%emt 0:00:00]} 6. d4 {[%emt 0:19:00] B50: Sicilian: 2...d6, Miscellaneous.} Nxe4 {[%emt 0:00:00]} 7. d5 {[%emt 0:14:31] [#] Qa4+ is the strong threat.} Nf6 $146 {[%emt 0:00:48]} ({Predecessor:} 7... Nd7 8. dxe6 fxe6 9. Re1 Be7 10. Bd3 Nef6 11. h3 Bxf3 12. Qxf3 O-O 13. Rxe6 Ne5 {0-1 (29) Plenca,J (2323)-Levin,E (2486) Rijeka 2010}) 8. dxe6 {[%emt 0:04:39] The position is equal.} Bxe6 {[%emt 0:01:39]} 9. Ng5 {[%emt 0:00:36]} Nc6 {[%emt 0:07:14]} 10. Nxe6 {[%emt 0:05:44]} fxe6 {[%emt 0:00:23]} 11. Bg5 {[%emt 0:00:05]} Qd7 {[%emt 0:03:38]} 12. Bxf6 {[%emt 0:03:24]} gxf6 {[%emt 0:00:24]} 13. Bh5+ {[%emt 0:00:03]} Kd8 $1 {[%emt 0:09:41][%cal Be8d8,Bd8c7,Bc7b6][%mdl 32]} 14. Na3 {[%emt 0:02:30][%cal Bb1a3,Ba3b5,Bb5d4][%mdl 32]} d5 {[%emt 0:01:18]} 15. Qe2 {[%emt 0:01:50]} Kc7 {[%emt 0:13:19]} 16. Rfe1 {[%emt 0:22:02]} c4 {[%emt 0:15:38]} (16... e5 $1 $15) 17. Nb5+ $11 {[%emt 0:06:24]} Kb6 {[%emt 0:02:17]} 18. Nd4 {[%emt 0:00:26]} e5 {[%emt 0:02:18]} 19. Bg4 {[%emt 0:02:49] [#]} Qf7 {[%emt 0:12:25]} ({Black should play} 19... Nxd4 $1 $15 20. cxd4 (20. Bxd7 Nxe2+ 21. Rxe2 Rd8 $17) 20... Qc7) 20. Nxc6 $14 {[%emt 0:01:33]} bxc6 {[%emt 0:00:13]} 21. b3 {[%emt 0:00:09] And now bxc4 would win.} Bc5 {[%emt 0:01:36]} 22. bxc4 {[%emt 0:01:23]} dxc4 {[%emt 0:01:34]} 23. Qf3 {[%emt 0:04:10][%cal Oe1e5] Hoping for Rxe5!} h5 {[%emt 0:02:54]} 24. Bf5 {[%emt 0:02:25][%mdl 1024] White has compensation.} Rad8 {[%emt 0:02:42]} 25. Red1 {[%emt 0:00:52]} h4 {[%emt 0:02:51]} (25... Kc7 $14) 26. h3 {[%emt 0:00:40]} ({Don't take} 26. Rab1+ Kc7 $14) (26. a4 $16) 26... Kc7 {[%emt 0:01:21]} 27. Be4 {[%emt 0:01:01] Against Rd5.  Weighted Error Value: White=0.11 (very precise) /Black=0.15 (very precise)} (27. a4 $14) 1/2-1/2